Normal view MARC view

Entry Personal Name

Number of records used in: 1

001 - CONTROL NUMBER

  • control field: 8630

003 - CONTROL NUMBER IDENTIFIER

  • control field: DLC

005 - DATE AND TIME OF LATEST TRANSACTION

  • control field: 20210702140921.0

008 - FIXED-LENGTH DATA ELEMENTS

  • fixed length control field: 800612n| azannaabn |b aaa

010 ## - LIBRARY OF CONGRESS CONTROL NUMBER

  • LC control number: n 50030722

035 ## - SYSTEM CONTROL NUMBER

  • System control number: (OCoLC)oca00066088

035 ## - SYSTEM CONTROL NUMBER

  • System control number: (CaEvSKY)skya1152392

040 ## - CATALOGING SOURCE

  • Original cataloging agency: DLC
  • Language of cataloging: eng
  • Description conventions: rda
  • Transcribing agency: DLC
  • Modifying agency: DLC
  • Modifying agency: OCoLC
  • Modifying agency: MX-SIUA
  • Modifying agency: DLC

046 ## - SPECIAL CODED DATES

  • Birth date: 1929-04-22
  • Death date: 2019-01-11
  • Source of date scheme: edtf

100 1# - HEADING--PERSONAL NAME

  • Personal name: Atiyah, Michael Francis,
  • Dates associated with a name: 1929-2019

370 ## - ASSOCIATED PLACE

  • Place of birth: Hampstead (London, England)
  • Source of term: naf

372 ## - FIELD OF ACTIVITY

  • Field of activity: Mathematics
  • Field of activity: Mathematical physics
  • Field of activity: Atiyah-Singer index theorem
  • Source of term: lcsh

373 ## - ASSOCIATED GROUP

  • Associated group: University of Oxford
  • Associated group: University of Cambridge
  • Associated group: Institute for Advanced Study (Princeton, N.J.)
  • Associated group: University of Edinburgh
  • Source of term: naf
  • Source of information: New York times WWW site, viewed Jan. 15, 2019

374 ## - OCCUPATION

  • Occupation: Mathematicians
  • Occupation: College teachers
  • Source of term: lcsh

375 ## - GENDER

  • Gender: male

377 ## - ASSOCIATED LANGUAGE

  • Language code: eng
  • Language code: fre
  • Language code: ger

400 1# - SEE FROM TRACING--PERSONAL NAME

  • Personal name: Atiyah, M. F.
  • Fuller form of name: (Michael Francis),
  • Dates associated with a name: 1929-2019

400 1# - SEE FROM TRACING--PERSONAL NAME

  • Personal name: Atʹi︠a︡, M.,
  • Dates associated with a name: 1929-2019

400 1# - SEE FROM TRACING--PERSONAL NAME

  • Personal name: Adiya,
  • Dates associated with a name: 1929-2019

400 1# - SEE FROM TRACING--PERSONAL NAME

  • Personal name: Атья, М.,
  • Dates associated with a name: 1929-2019

400 1# - SEE FROM TRACING--PERSONAL NAME

  • Personal name: 阿蒂亞,
  • Dates associated with a name: 1929-2019

670 ## - SOURCE DATA FOUND

  • Source citation: Palais, R. S. Seminar on the Atiyah-Singer index theorem, 1965.

670 ## - SOURCE DATA FOUND

  • Source citation: Bayer, G. Studien zur verallgemeinerten Cohomologie komplexer projektiver Räume, c1982:
  • Information found: t.p. (Atiyah) p. 27 (Atiyah, M.F.)

670 ## - SOURCE DATA FOUND

  • Source citation: His The geometry and physics of knots, 1990:
  • Information found: CIP t.p. (Michael Atiyah; prof., Mathematical Institute, Univ. of Oxford)

670 ## - SOURCE DATA FOUND

  • Source citation: OCLC, Feb. 13, 2008
  • Information found: (hdg.: Atiyah, Michael Francis, 1929- ; usage: Michael Francis Atiyah; Michael Atiyah; M.F. Atiyah; Sir Michael Atiyah; Michael F. Atiyah; M. Atʹi︠a︡)

670 ## - SOURCE DATA FOUND

  • Source citation: Wikipedia, Feb. 13, 2008
  • Information found: (Sir Michael Francis Atiyah, OM, FRS; b. April 22, 1929, Hampstead, London; a Lebanese-British mathematician)

670 ## - SOURCE DATA FOUND

  • Source citation: Introducción al álgebra conmutativa, 1978:
  • Information found: title page (M. F. Atiyah ; Universidad de Oxford)

670 ## - SOURCE DATA FOUND

  • Source citation: LCCN 2010493163: Shu xue yu wu li zui qian yan, 2010
  • Information found: (heading: Atiyah, Michael Francis, 1929- ; usage: 阿蒂亞 = Adiya)

670 ## - SOURCE DATA FOUND

  • Source citation: New York times WWW site, viewed Jan. 15, 2019
  • Information found: (in obituary published Jan. 11: Michael Atiyah; b. Michael Francis Atiyah, Apr. 22, 1929, London; d. Friday [Jan. 11, 2019], aged 89; British mathematician who united mathematics and physics during the 1960s in a way not seen since the days of Isaac Newton)

Powered by Koha